书目信息 |
| 题名: |
公务人员礼仪知识读本
|
|
| 作者: | 段展样, 著 | |
| 分册: | ||
| 出版信息: | 北京 中国人事出版社 2003.05 |
|
| 页数: | 299页 | |
| 开本: | 20cm | |
| 丛书名: | 地方初级公务员任职培训系列教材 | |
| 单 册: | ||
| 中图分类: | K891.26 | |
| 科图分类: | ||
| 主题词: | 礼仪--li yi--干部教育--教材 | |
| 电子资源: | ||
| ISBN: | 7-80189-006-X | |
| 000 | 00982nam 2200253 450 | |
| 001 | 012008775849 | |
| 005 | 20080317172654.71 | |
| 010 | @a7-80189-006-X@dCNY20.00 | |
| 100 | @a20080317d2003 km y0chiy0120 ea | |
| 101 | 0 | @achi |
| 102 | @aCN@b110000 | |
| 105 | @ay z 000yy | |
| 106 | @ar | |
| 200 | 1 | @a公务人员礼仪知识读本@Agong wu ren yuan li yi zhi shi du ben@f段展样著@Fduan zhan yang zhu |
| 210 | @a北京@c中国人事出版社@d2003.05 | |
| 215 | @a299页@d20cm | |
| 225 | 2 | @a地方初级公务员任职培训系列教材@Adi fang chu ji gong wu yuan ren zhi pei xun xi lie jiao cai |
| 330 | @a本书说明只有通过社会礼仪,社会道德才会得以展示,使社会道德更加具体化、程序化,大力提倡“爱国守法、明礼诚信、团结友善、勤俭自强、敬业奉献”的礼仪原则。 | |
| 410 | 0 | @12001 @a地方初级公务员任职培训系列教材 |
| 606 | 0 | @a礼仪@Ali yi@x干部教育@j教材 |
| 690 | @aK891.26@v4 | |
| 701 | 0 | @a段展样,@Aduan zhan yang,@f1947-@4著 |
| 801 | 0 | @aCN@bQSSK@c20080317 |
| 905 | @b20286554-56@dK891.26@eD944@f3 | |
| 公务人员礼仪知识读本/段展样著.-北京:中国人事出版社,2003.05 |
| 299页;20cm.-(地方初级公务员任职培训系列教材) |
| ISBN 7-80189-006-X:CNY20.00 |
| 本书说明只有通过社会礼仪,社会道德才会得以展示,使社会道德更加具体化、程序化,大力提倡“爱国守法、明礼诚信、团结友善、勤俭自强、敬业奉献”的礼仪原则。 |
| ● |
| 相关链接 |
|
|
|
正题名:公务人员礼仪知识读本
索取号:K891.26/D944
 
预约/预借
| 序号 | 登录号 | 条形码 | 馆藏地/架位号 | 状态 | 备注 |
| 1 | 286554 | 202865541 | 社科库309/309社科库 10排2列1层/ [索取号:K891.26/D944] | 在馆 | |
| 2 | 286555 | 202865550 | 社科库309/309社科库 10排2列1层/ [索取号:K891.26/D944] | 在馆 | |
| 3 | 286556 | 202865569 | 社科库309/309社科库 10排2列1层/ [索取号:K891.26/D944] | 在馆 |